LEADER 02598 am 2200673 n 450 001 9910348256903321 005 20190107 010 $a2-7297-1115-5 024 7 $a10.4000/books.pul.11945 035 $a(CKB)4100000009763158 035 $a(FrMaCLE)OB-pul-11945 035 $a(oapen)https://directory.doabooks.org/handle/20.500.12854/46996 035 $a(PPN)241654378 035 $a(EXLCZ)994100000009763158 100 $a20191119j|||||||| ||| 0 101 0 $afre 135 $auu||||||m|||| 181 $ctxt$2rdacontent 182 $cc$2rdamedia 183 $acr$2rdacarrier 200 10$aÊtre en couple (gay) /$fJérôme Courduriès 210 $aLyon $cPresses universitaires de Lyon$d2019 215 $a1 online resource (448 p.) 311 $a2-7297-0844-8 330 $aSouvent évoqués dans les médias, la vie des gays et les enjeux de la visibilité comme de la réalité au quotidien des couples de même sexe méritaient une étude scientifique sérieuse. C'est chose faite avec le travail de Courduriès qui ouvre une voie prometteuse. Si l'auteur n'enquête que sur les couples masculins et s'en tient à un échantillonnage limité (il s'agit d'un éventail des possibles, à travers la diversité des situations et des personnes), la méthode qu'il a su mettre en place pour atteindre l'intime, si délicat à dévoiler, le recours aux réseaux de chat sur Internet et l'usage du courriel qui renouvelle le rapport enquêteur/enquêté en usage en ethnographie, font de cette recherche un moment fort pour l'étude des conjugalités quelle que soit la composition sexuée des couples. 517 $aÃ?tre en couple 517 $aÊtre en couple 606 $aSocial Issues 606 $aSociology 606 $aconjugalité 606 $ahomosexualité 606 $acouple 606 $aenquête 606 $agay 606 $asexualité masculine 606 $asexualité 610 $ahomosexualité 610 $acouple 610 $asexualité masculine 610 $asexualité 610 $aenquête 610 $aconjugalité 610 $agay 615 4$aSocial Issues 615 4$aSociology 615 4$aconjugalité 615 4$ahomosexualité 615 4$acouple 615 4$aenquête 615 4$agay 615 4$asexualité masculine 615 4$asexualité 700 $aCourduriès$b Jérôme$01323245 701 $aFine$b Agnès$0411464 801 0$bFR-FrMaCLE 906 $aBOOK 912 $a9910348256903321 996 $aÊtre en couple (gay)$93035430 997 $aUNINA LEADER 04727nam 22006495 450 001 9910483414403321 005 20251113202251.0 010 $a981-336-412-2 024 7 $a10.1007/978-981-33-6412-7 035 $a(CKB)4100000011902471 035 $a(MiAaPQ)EBC6566988 035 $a(Au-PeEL)EBL6566988 035 $a(OCoLC)1248919596 035 $a(PPN)255292945 035 $a(DE-He213)978-981-33-6412-7 035 $a(EXLCZ)994100000011902471 100 $a20210424d2021 u| 0 101 0 $aeng 135 $aurcnu|||||||| 181 $ctxt$2rdacontent 182 $cc$2rdamedia 183 $acr$2rdacarrier 200 10$aAdvances in Water Resources Management for Sustainable Use /$fedited by Pankaj Kumar Roy, Malabika Biswas Roy, Supriya Pal 205 $a1st ed. 2021. 210 1$aSingapore :$cSpringer Nature Singapore :$cImprint: Springer,$d2021. 215 $a1 online resource (542 pages) 225 1 $aLecture Notes in Civil Engineering,$x2366-2565 ;$v131 300 $aIncludes index. 311 08$a981-336-411-4 327 $aPart 1: Emerging issues on surface water management under change climate -- Chapter 1: River basin management: issues and challenges -- Chapter 2: Water conservation and management under climate change -- Chapter 3: Advances in rain water harvesting techniques -- Chapter 4: Hydrological and metrological modelling and prediction -- Part 2: Integrated groundwater management : An over view of challenges and issues -- Chapter 5: Impact of climate change on groundwater recharge -- Chapter 6: Assessment of groundwater balance through modelling techniques -- Chapter 7: Hydrogeological modelling and aquifer degradation.-Chapter 8: Groundwater contaminant modelling and prediction of flow path -- Chapter 9: Groundwater food and energy nexus -- Chapter 10: Assessment of groundwater potential zone -- Chapter 11: Ground and surface water interaction -- Part 3: Water quality assessment and prediction modelling -- Chapter 12: Assessment of surface and groundwater technology to mitigate hazardous contamination -- Chapter 13: Advanced water treatment and technology -- Chapter 14: Surface and ground water quality interaction -- Chapter 15: Surface and ground water quality assessment and modelling -- Chapter 16: Application of biotechnology and nanomaterials for eco-friendly water treatment technology.-Part 4: Modelling extreme climate events : Intensity and magnitude of drought, flood and cyclone -- Chapter 17: Modeling magnitude and intensity of drought under climate change -- Chapter 18: Flash flood and riverine flood assessment and modelling. 330 $aThis book presents the innovative ideas and technical expertise for the sustainable solution in the field of water resources. It covers various topics on sustainable water resources management under climate change where researchers and professionals have shared their experience, innovative ideas, issues, recent trends and future directions in field of water resources engineering, science and technology. This book culminates the importance of achieving the ways towards water security and espouse targets and measures that will allow the end-user to meet this challenge in conjunction. It is a compendium of research articles pertaining to the mitigation of water crisis, surface and groundwater management, watershed management and modelling, case studies related to wetland vulnerability, water pollution, water quality, extreme climate hazards and others issues and its sustainable diminution through ingenious ideas and technologies that will incur valuable information to the stakeholdersin the society. Given its scope, this book will be useful for the researchers and professionals. 410 0$aLecture Notes in Civil Engineering,$x2366-2565 ;$v131 606 $aHydraulic engineering 606 $aEnvironmental engineering 606 $aCivil engineering 606 $aEnvironmental protection 606 $aHydraulic Engineering 606 $aEnvironmental Civil Engineering 606 $aSoil and Water Protection 615 0$aHydraulic engineering. 615 0$aEnvironmental engineering. 615 0$aCivil engineering. 615 0$aEnvironmental protection. 615 14$aHydraulic Engineering. 615 24$aEnvironmental Civil Engineering. 615 24$aSoil and Water Protection. 676 $a333.91 702 $aRoy$b Pankaj Kumar$f1975- 702 $aRoy$b Malabika Biswas 702 $aPa?l$b Supriy?a? 801 0$bMiAaPQ 801 1$bMiAaPQ 801 2$bMiAaPQ 906 $aBOOK 912 $a9910483414403321 996 $aAdvances in Water Resources Management for Sustainable Use$91906496 997 $aUNINA